中国地级行政区GDP排名(省份提示+地图版)All Chinese prefecture-level regions by GDP - Statistics

General Stats
  • This quiz has been taken 40 times
    39 since last reset
  • The average score is 272 of 356
Answers on the Map
Answers color-coded by a green-red scale on the quiz's map according to % correct below.
 
Answer Stats
省份 行政区 GDP/亿人民币 % Correct
/ 上海 53,926.71
100%
/ 北京 49,843.10
100%
/ 重庆 32,193.15
100%
南京 18,500.81
100%
/ 天津 18,024.32
100%
长沙 15,268.78
100%
佛山 13,361.90
100%
南通 12,421.90
100%
徐州 9,537.12
100%
大连 9,516.90
100%
绍兴 8,368.60
100%
昆明 8,275.22
100%
南昌 7,800.37
100%
宜昌 6,191.12
100%
襄阳 6,102.41
100%
南宁 5,995.36
100%
洛阳 5,818.60
100%
镇江 5,540.01
100%
太原 5,418.87
100%
岳阳 5,127.66
100%
芜湖 5,120.50
100%
遵义 5,027.20
100%
淄博 4,884.08
100%
沧州 4,722.80
100%
邯郸 4,704.30
100%
包头 4,575.10
100%
乌鲁木齐 4,502.16
100%
绵阳 4,344.03
100%
东营 4,307.70
100%
湖州 4,213.40
100%
中山 4,143.25
100%
呼和浩特 4,107.10
100%
深圳 36,801.87
90%
广州 31,032.50
90%
苏州 26,726.98
90%
成都 23,511.30
90%
杭州 21,860.00
90%
宁波 18,147.70
90%
青岛 16,719.46
90%
无锡 16,263.29
90%
郑州 14,532.10
90%
福州 14,236.76
90%
济南 13,527.60
90%
合肥 13,507.70
90%
西安 13,317.78
90%
泉州 13,094.87
90%
东莞 12,282.15
90%
常州 10,813.60
90%
烟台 10,782.83
90%
唐山 10,003.90
90%
温州 9,718.80
90%
沈阳 9,027.10
90%
厦门 8,589.01
90%
潍坊 8,203.20
90%
盐城 7,779.18
90%
长春 7,632.19
90%
嘉兴 7,569.53
90%
榆林 7,548.68
90%
泰州 7,020.95
90%
金华 6,925.52
90%
台州 6,656.40
90%
临沂 6,555.80
90%
鄂尔多斯 6,363.03
90%
惠州 6,136.39
90%
漳州 6,063.71
90%
哈尔滨 6,016.30
90%
济宁 5,867.00
90%
贵阳 5,777.41
90%
淮安 5,413.02
90%
赣州 4,940.47
90%
南阳 4,879.08
90%
菏泽 4,802.58
90%
保定 4,773.30
90%
连云港 4,663.13
90%
常德 4,532.70
90%
衡阳 4,491.69
90%
珠海 4,479.06
90%
江门 4,210.18
90%
茂名 4,072.04
90%
德州 4,047.73
90%
九江 4,021.75
90%
宜宾 4,005.76
90%
湛江 3,839.93
90%
威海 3,728.62
90%
宜春 3,711.05
90%
阜阳 3,609.80
90%
莆田 3,442.74
90%
武汉 21,106.23
80%
石家庄 8,203.40
80%
扬州 7,809.64
80%
宿迁 4,801.85
80%
滁州 4,034.40
80%
廊坊 3,904.60
80%
宁德 3,901.99
80%
兰州 3,742.30
80%
上饶 3,720.89
80%
曲靖 3,677.22
80%
周口 3,635.62
80%
泰安 3,622.10
80%
新乡 3,569.70
80%
荆州 3,505.99
80%
许昌 3,441.10
80%
龙岩 3,418.68
80%
滨州 3,404.74
80%
驻马店 3,342.70
80%
郴州 3,327.80
80%
聊城 3,167.96
80%
肇庆 2,917.85
80%
南充 2,861.68
80%
泸州 2,836.50
80%
大庆 2,815.80
80%
达州 2,801.60
80%
马鞍山 2,784.65
80%
邢台 2,765.90
80%
吕梁 2,643.24
80%
长治 2,593.40
80%
玉溪 2,582.05
80%
揭阳 2,529.70
80%
桂林 2,517.39
80%
昌吉回族自治州 2,509.23
80%
海口 2,470.63
80%
毕节 2,457.59
80%
临汾 2,438.70
80%
晋城 2,409.80
80%
蚌埠 2,313.00
80%
六安 2,307.50
80%
清远 2,253.07
80%
鞍山 2,156.30
80%
怀化 2,093.82
80%
衡水 1,971.80
80%
承德 1,961.40
80%
阿克苏地区 1,953.98
80%
眉山 1,890.05
80%
漯河 1,869.90
80%
西宁 1,862.09
80%
伊犁哈萨克自治州 1,806.68
80%
呼伦贝尔 1,730.67
80%
韶关 1,647.56
80%
吉林 1,633.23
80%
阳江 1,629.58
80%
喀什地区 1,626.88
80%
梧州 1,622.49
80%
文山壮族苗族自治州 1,549.11
80%
攀枝花 1,395.24
80%
锦州 1,353.60
80%
齐齐哈尔 1,353.10
80%
鄂州 1,341.30
80%
朔州 1,328.50
80%
铜陵 1,325.50
80%
广元 1,279.33
80%
绥化 1,244.00
80%
巴彦淖尔 1,242.30
80%
锡林郭勒盟 1,235.96
80%
庆阳 1,213.22
80%
萍乡 1,211.44
80%
安顺 1,186.11
80%
景德镇 1,179.30
80%
安康 1,140.69
80%
资阳 1,090.00
80%
牡丹江 1,051.40
80%
本溪 1,025.60
80%
抚顺 1,010.90
80%
葫芦岛 1,004.40
80%
拉萨 990.04
80%
辽阳 952.70
80%
吴忠 933.70
80%
巴中 870.51
80%
湘西土家族苗族自治州 855.94
80%
海西蒙古族藏族自治州 847.88
80%
兴安盟 807.70
80%
天门 785.40
80%
吐鲁番 640.42
80%
白城 614.24
80%
中卫 600.25
80%
铜川 588.82
80%
双鸭山 557.40
80%
伊春 370.47
80%
大兴安岭地区 173.10
80%
商丘 3,272.27
70%
德阳 3,265.40
70%
黄冈 3,216.65
70%
安庆 3,156.00
70%
信阳 3,073.36
70%
咸阳 3,001.27
70%
红河哈尼族彝族自治州 2,985.49
70%
柳州 2,950.67
70%
银川 2,939.53
70%
邵阳 2,926.25
70%
三明 2,922.94
70%
吉安 2,917.27
70%
平顶山 2,831.97
70%
开封 2,761.10
70%
永州 2,692.57
70%
安阳 2,672.10
70%
十堰 2,565.84
70%
日照 2,556.89
70%
乐山 2,532.50
70%
亳州 2,521.60
70%
凉山彝族自治州 2,474.90
70%
荆门 2,459.68
70%
晋中 2,458.80
70%
宿州 2,457.30
70%
枣庄 2,386.41
70%
延安 2,383.36
70%
焦作 2,369.20
70%
玉林 2,346.78
70%
赤峰 2,322.10
70%
黄石 2,305.80
70%
益阳 2,268.18
70%
衢州 2,262.83
70%
舟山 2,226.20
70%
运城 2,190.60
70%
丽水 2,181.20
70%
渭南 2,157.73
70%
娄底 2,131.63
70%
秦皇岛 2,128.60
70%
南平 2,090.30
70%
宣城 2,053.50
70%
楚雄彝族自治州 2,018.95
70%
濮阳 2,018.55
70%
昭通 2,016.91
70%
大理白族自治州 2,010.93
70%
百色 2,004.73
70%
黔南布依族苗族自治州 1,947.16
70%
张家口 1,945.20
70%
咸宁 1,944.57
70%
内江 1,942.57
70%
汉中 1,909.90
70%
北海 1,888.04
70%
钦州 1,878.96
70%
大同 1,802.50
70%
淮南 1,716.00
70%
六盘水 1,710.59
70%
巴音郭楞蒙古自治州 1,692.45
70%
通辽 1,686.20
70%
恩施土家族苗族自治州 1,661.36
70%
铜仁 1,649.81
70%
三门峡 1,618.69
70%
梅州 1,508.18
70%
汕尾 1,500.89
70%
黔西南布依族苗族自治州 1,478.86
70%
随州 1,442.35
70%
黔东南苗族侗族自治州 1,432.38
70%
盘锦 1,413.50
70%
河源 1,407.72
70%
淮北 1,405.90
70%
河池 1,404.15
70%
潮州 1,402.83
70%
鹰潭 1,384.34
70%
忻州 1,343.40
70%
克拉玛依 1,327
70%
崇左 1,312.86
70%
云浮 1,309.19
70%
保山 1,281.91
70%
乌兰察布 1,214.20
70%
普洱 1,188.93
70%
池州 1,177.80
70%
防城港 1,167.55
70%
朝阳 1,153.20
70%
新余 1,142.52
70%
黄山 1,134.00
70%
仙桃 1,125.13
70%
雅安 1,082.98
70%
酒泉 1,041.70
70%
来宾 1,030.42
70%
延边朝鲜族自治州 1,018.10
70%
儋州 1,012.72
70%
丹东 1,007.80
70%
佳木斯 1,007.70
70%
三亚 1,004.70
70%
松原 1,002.18
70%
塔城地区 998.72
70%
贺州 964.42
70%
天水 952.25
70%
潜江 951.97
70%
西双版纳傣族自治州 901.80
70%
阳泉 856.20
70%
济源 789.56
70%
铁岭 778.60
70%
通化 765.84
70%
黑河 711.40
70%
丽江 710.03
70%
阜新 650.30
70%
鸡西 622.60
70%
德宏傣族景颇族自治州 620.12
70%
海东 605.46
70%
和田地区 598.36
70%
乌海 595.57
70%
白山 567.85
70%
博尔塔拉蒙古自治州 540.23
70%
临夏回族自治州 506.00
70%
日喀则 464.30
70%
昌都 386.01
70%
鹤岗 376.30
70%
嘉峪关 370.70
70%
怒江傈僳族自治州 278.89
70%
林芝 267.78
70%
甘南藏族自治州 256.33
70%
七台河 236.60
70%
阿里地区 105.85
70%
玉树藏族自治州 92.42
70%
果洛藏族自治州 69.38
70%
五指山 49.48
70%
神农架林区 48.62
70%
株洲 3,902.40
60%
汕头 3,167.97
60%
湘潭 2,957.06
60%
宝鸡 2,548.02
60%
抚州 2,173.08
60%
自贡 1,876.24
60%
遂宁 1,870.26
60%
广安 1,615.50
60%
贵港 1,565.59
60%
营口 1,560.30
60%
临沧 1,150.19
60%
鹤壁 1,094.39
60%
哈密 1,084.39
60%
商洛 780.27
60%
武威 750.02
60%
白银 742.87
60%
定西 737.11
60%
平凉 722.77
60%
张掖 680.88
60%
陇南 666.70
60%
张家界 654.40
60%
金昌 620.06
60%
四平 580.58
60%
甘孜藏族自治州 580.52
60%
阿坝藏族自治州 570.11
60%
石嘴山 565.53
60%
澄迈县 551.30
60%
辽源 527.69
60%
阿勒泰地区 464.98
60%
固原 463.73
60%
阿拉善盟 413.60
60%
文昌 392.89
60%
琼海 388.50
60%
迪庆藏族自治州 307.01
60%
陵水县 275.37
60%
克孜勒苏柯尔克孜自治州 256.66
60%
那曲 246.34
60%
海南藏族自治州 234.65
60%
黄南藏族自治州 123.04
60%
屯昌县 116.33
60%
海北藏族自治州 115.87
60%
孝感 3,258.54
50%
万宁 353.01
50%
山南 304.42
50%
东方 271.70
50%
临高县 261.43
50%
乐东县 227.57
50%
定安县 139.71
50%
保亭县 87.38
50%
昌江县 165.19
40%
白沙县 72.20
40%
琼中县 89.15
20%
No matching quizzes found
Score Distribution
Percent of People with Each Score
Percentile by Number Answered
Your Score History
You have not taken this quiz since the last reset